Ghost : (Record no. 1201)

000 -LEADER
fixed length control field 01240nam a22003497a 4500
001 - CONTROL NUMBER
control field 15132637
003 - CONTROL NUMBER IDENTIFIER
control field OSt
005 - DATE AND TIME OF LATEST TRANSACTION
control field 20210426114545.0
008 - FIXED-LENGTH DATA ELEMENTS--GENERAL INFORMATION
fixed length control field 080109s2008 nyu 000 0aeng
010 ## - LIBRARY OF CONGRESS CONTROL NUMBER
LC control number 2008000073
020 ## - INTERNATIONAL STANDARD BOOK NUMBER
International Standard Book Number 9781400065691 (alk. paper)
020 ## - INTERNATIONAL STANDARD BOOK NUMBER
International Standard Book Number 9780345494252 (pbk. : alk. paper)
040 ## - CATALOGING SOURCE
Original cataloging agency DLC
Transcribing agency DLC
Modifying agency DLC
043 ## - GEOGRAPHIC AREA CODE
Geographic area code n-us---
050 00 - LIBRARY OF CONGRESS CALL NUMBER
Classification number JK468.I6
Item number B89 2008
080 ## - UNIVERSAL DECIMAL CLASSIFICATION NUMBER
Universal Decimal Classification number 821.111
Item number B-96
082 00 - DEWEY DECIMAL CLASSIFICATION NUMBER
Classification number 363.28
-- B
Edition number 22
100 1# - MAIN ENTRY--PERSONAL NAME
Personal name Burton, Fred,
Dates associated with a name 1958-
245 10 - TITLE STATEMENT
Title Ghost :
Remainder of title confessions of a counterterrorism agent /
Statement of responsibility, etc. Fred Burton.
250 ## - EDITION STATEMENT
Edition statement 1st ed.
260 ## - PUBLICATION, DISTRIBUTION, ETC.
Place of publication, distribution, etc. New York :
Name of publisher, distributor, etc. Random House,
Date of publication, distribution, etc. c2008.
300 ## - PHYSICAL DESCRIPTION
Extent x, 276 p. ;
Dimensions 25 cm.
365 ## - TRADE PRICE
Price type code 26.00 USD
600 10 - SUBJECT ADDED ENTRY--PERSONAL NAME
Personal name Burton, Fred,
Dates associated with a name 1958-
610 10 - SUBJECT ADDED ENTRY--CORPORATE NAME
Corporate name or jurisdiction name as entry element United States.
Subordinate unit Department of State.
-- Diplomatic Security Service.
650 #0 - SUBJECT ADDED ENTRY--TOPICAL TERM
Topical term or geographic name entry element Intelligence officers
Geographic subdivision United States
Form subdivision Biography.
650 #0 - SUBJECT ADDED ENTRY--TOPICAL TERM
Topical term or geographic name entry element Terrorism
Geographic subdivision United States
General subdivision Prevention.
653 ## - INDEX TERM--UNCONTROLLED
Uncontrolled term ინგლისური ლიტერატურა
906 ## - LOCAL DATA ELEMENT F, LDF (RLIN)
a 7
b cbc
c orignew
d 1
e ecip
f 20
g y-gencatlg
942 ## - ADDED ENTRY ELEMENTS (KOHA)
Source of classification or shelving scheme
Koha item type Books
Holdings
Withdrawn status Lost status Source of classification or shelving scheme Damaged status Not for loan Permanent location Current location Date acquired Inventory number Total Checkouts Full call number Barcode Date last seen Date last checked out Price effective from Koha item type
          Ken Walker International University Ken Walker International University 02/04/2021 1316 1 821.111 B-96 1316 07/20/2023 06/07/2023 02/04/2021 Books

Powered by Koha